Опыт разработки КТС АСУ ТП водозабора на базе модулей серии МК-4хх; Современные технологии автоматизации; № 3

Bibliografiske detaljer
Parent link:Современные технологии автоматизации: производственно-технический журнал.— , 2000-.— 0206-975X
№ 3.— 2003.— С. 66-67
Hovedforfatter: Беляков Ю.
Andre forfattere: Подойницын С., Криулин А.
Sprog:russisk
Udgivet: 2003
Serier:Разработка/Коммунальное хозяйство
Fag:
Format: MixedMaterials Book Chapter
KOHA link:https://koha.lib.tpu.ru/cgi-bin/koha/opac-detail.pl?biblionumber=390704

MARC

LEADER 00000naa2a2200000 4500
001 390704
005 20231101064012.0
035 |a (RuTPU)RU\TPU\prd\23979 
090 |a 390704 
100 |a 20040316a2003 k y0rusy50 ca 
101 0 |a rus 
102 |a RU 
200 1 |a Опыт разработки КТС АСУ ТП водозабора на базе модулей серии МК-4хх  |f Ю. Беляков, С. Подойницын, А. Криулин 
225 1 |a Разработка/Коммунальное хозяйство 
461 1 |0 (RuTPU)RU\TPU\prd\1759  |x 0206-975X  |t Современные технологии автоматизации  |o производственно-технический журнал  |d 2000- 
463 1 |0 (RuTPU)RU\TPU\prd\18455  |t № 3  |v С. 66-67  |d 2003 
610 1 |a АСУТП 
610 1 |a разработка 
610 1 |a водозаборы 
610 1 |a модули 
610 1 |a системы управления 
610 1 |a микроконтроллеры 
610 1 |a коммуникационные контроллеры 
610 1 |a интерфейсы 
700 1 |a Беляков  |b Ю. 
701 1 |a Подойницын  |b С. 
701 1 |a Криулин  |b А. 
801 1 |a RU  |b 63413507  |c 20040316  |g PSBO 
801 2 |a RU  |b 63413507  |c 20131217  |g RCR 
942 |c BK